Top 15 Apps by Downloads - Statistics

General Stats
  • This quiz has been taken 56 times
  • The average score is 9 of 15
Answer Stats
Hint Answer % Correct
3 Instagram
95%
2 Facebook
93%
5 TikTok
91%
9 Youtube
81%
4 Snapchat
79%
1 WhatsApp
79%
12 Twitter
72%
13 Spotify
56%
6 Messenger
47%
8 Netflix
47%
11 Gmail
42%
14 Telegram
28%
10 Google Maps
26%
15 Uber
26%
7 Zoom
16%
No matching quizzes found
Score Distribution
Percent of People with Each Score
Percentile by Number Answered
Your Score History
You have not taken this quiz